| 000 | 00430nam a2200169Ia 4500 | ||
|---|---|---|---|
| 008 | 230524s9999 xx 000 0 und d | ||
| 020 | _a8121925940 | ||
| 082 |
_a620.112 _bRAJ |
||
| 100 | _aR.K.Rajput | ||
| 245 | 0 | _aStrength of Materials (Mechanics of Solids) SI Units | |
| 250 | _a5 | ||
| 260 |
_aNew Delhi _bS.Chand _c2012 |
||
| 300 | _a"xvi,1448p;" | ||
| 500 | _aQuantity Number: 10 | ||
| 650 | _aMechanics | ||
| 942 | _cBK | ||
| 999 |
_c51445 _d51445 |
||